000 00524nam a2200205Ia 4500
003 OSt
005 20221007082837.0
006 a|||||r|||| 00| 0
007 ta
008 221006b |||||||| |||| 00| 0 eng d
024 _a30,289
037 _cDissertations
040 _aFLL
_cFLL
_beng
041 _2eng
_aeng
100 _aJha Amit Chanchal
_9699612
245 0 _aSecularism in India
_b an analytical study
300 _a172p
_ccm.
942 _cDIS
_2CC
999 _c1167917
_d1167917